LIBRARY & INFORMATION CENTRE, KCAET, TAVANUR

ONLINE PUBLIC ACCESS CATALOGUE (OPAC)

Organic chemistry / (Record no. 7263)

MARC details
000 -LEADER
fixed length control field 00572cam a2200217ua 4500
020 ## - INTERNATIONAL STANDARD BOOK NUMBER
ISBN 81 203 0765 8
041 ## - LANGUAGE CODE
Language code of text/sound track or separate title eng
082 ## - DEWEY DECIMAL CLASSIFICATION NUMBER
Classification number 547
Item number MOR/OR
100 ## - MAIN ENTRY--AUTHOR NAME
Personal name Morrison, Robert Thornten .
245 ## - TITLE STATEMENT
Title Organic chemistry /
250 ## - EDITION STATEMENT
Edition statement 6 /
260 ## - PUBLICATION, DISTRIBUTION, ETC. (IMPRINT)
Place of publication New Delhi :
Name of publisher Prentice Hall of India Pvt Ltd. ,
Year of publication 1996.
300 ## - PHYSICAL DESCRIPTION
Number of Pages 1313 ; .
500 ## - GENERAL NOTE
General note *CSS
700 1# - ADDED ENTRY--PERSONAL NAME
Personal name Boyd, Robert Neilson .
942 ## - ADDED ENTRY ELEMENTS (KOHA)
Koha item type Books
Holdings
Withdrawn status Lost status Damaged status Home library Current library Shelving location Date acquired Full call number Accession Number Koha item type
      KAUAET KAUAET Scheme 26/07/2018 547 MOR/OR 18947 Book Bank scheme for SC students
      KAUAET KAUAET Scheme 26/07/2018 547 MOR/OR 18948 Book Bank scheme for SC students
free website counter